[Event "DVM U10 2023"]
[Site "Magdeburg GER"]
[Date "2023.12.28"]
[Round "5"]
[White "Nikolic, Luka"]
[Black "Süßdorf, Can"]
[Result "1/2-1/2"]
[Termination "normal"]
[Board "12.2"]
[WhiteElo "950"]
[BlackElo "928"]
[WhiteClock "00:37:34"]
[BlackClock "00:27:11"]
[WhiteTeam "Elmshorner SC 1896"]
[BlackTeam "SC Ramstein-Miesenbach"]
[PlyCount "86"]
[WhiteFideId "34655123"]
[EventCountry "GER"]
[EventRounds "7"]
[EventType "team-swiss"]
[EventDate "2023.12.27"]

1. d4 {[%clk 00:55:09]} {[%emt 00:00:01]} d5 {[%clk 00:55:05]} {[%emt
00:00:06]} 2. c4 {[%clk 00:55:12]} {[%emt 00:00:02]} e6 {[%clk 00:54:56]}
{[%emt 00:00:14]} 3. Nc3 {[%clk 00:55:13]} {[%emt 00:00:03]} Nf6 {[%clk
00:54:25]} {[%emt 00:00:36]} 4. Nf3 {[%clk 00:55:02]} {[%emt 00:00:16]} g6
{[%clk 00:53:53]} {[%emt 00:00:37]} 5. Bg5 {[%clk 00:54:58]} {[%emt 00:00:08]}
Nbd7 {[%clk 00:53:46]} {[%emt 00:00:13]} 6. cxd5 {[%clk 00:54:50]} {[%emt
00:00:13]} exd5 {[%clk 00:52:04]} {[%emt 00:01:47]} 7. Nxd5 {[%clk 00:54:17]}
{[%emt 00:00:39]} Bg7 {[%clk 00:51:47]} {[%emt 00:00:20]} 8. e3 {[%clk
00:53:46]} {[%emt 00:00:38]} O-O {[%clk 00:51:24]} {[%emt 00:00:27]} 9. Bc4
{[%clk 00:53:21]} {[%emt 00:00:30]} Nb6 {[%clk 00:48:24]} {[%emt 00:03:04]} 10.
Nxb6 {[%clk 00:52:33]} {[%emt 00:00:55]} axb6 {[%clk 00:48:12]} {[%emt
00:00:17]} 11. e4 {[%clk 00:52:13]} {[%emt 00:00:25]} Qe8 {[%clk 00:47:23]}
{[%emt 00:00:51]} 12. e5 {[%clk 00:51:34]} {[%emt 00:00:46]} Ne4 {[%clk
00:46:13]} {[%emt 00:01:14]} 13. O-O {[%clk 00:51:09]} {[%emt 00:00:30]} Bg4
{[%clk 00:45:29]} {[%emt 00:00:48]} 14. Be3 {[%clk 00:50:55]} {[%emt 00:00:21]}
Qa4 {[%clk 00:44:04]} {[%emt 00:01:28]} 15. Qxa4 {[%clk 00:49:12]} {[%emt
00:01:50]} Rxa4 {[%clk 00:44:07]} {[%emt 00:00:02]} 16. Be2 {[%clk 00:49:07]}
{[%emt 00:00:10]} Rb4 {[%clk 00:43:26]} {[%emt 00:00:46]} 17. h3 {[%clk
00:48:53]} {[%emt 00:00:19]} Rxb2 {[%clk 00:42:35]} {[%emt 00:00:55]} 18. Bd3
{[%clk 00:48:24]} {[%emt 00:00:35]} Bxf3 {[%emt 00:00:33]} 19. gxf3 {[%clk
00:48:17]} {[%emt 00:00:02]} Nd2 {[%clk 00:41:51]} {[%emt 00:00:31]} 20. Rfd1
{[%clk 00:47:54]} {[%emt 00:00:28]} Nxf3+ {[%clk 00:41:39]} {[%emt 00:00:17]}
21. Kg2 {[%clk 00:47:30]} {[%emt 00:00:29]} Nh4+ {[%clk 00:40:46]} {[%emt
00:00:57]} 22. Kg3 {[%clk 00:46:59]} {[%emt 00:00:37]} Nf5+ {[%clk 00:40:12]}
{[%emt 00:00:39]} 23. Bxf5 {[%clk 00:46:54]} {[%emt 00:00:10]} gxf5 {[%clk
00:40:01]} {[%emt 00:00:15]} 24. Bc1 {[%clk 00:46:43]} {[%emt 00:00:17]} Rb4
{[%clk 00:39:46]} {[%emt 00:00:20]} 25. Ba3 {[%clk 00:46:40]} {[%emt 00:00:08]}
Rxd4 {[%clk 00:35:43]} {[%emt 00:04:08]} 26. Bxf8 {[%clk 00:46:13]} {[%emt
00:00:32]} Bxe5+ {[%clk 00:34:05]} {[%emt 00:01:42]} 27. Kf3 {[%clk 00:45:31]}
{[%emt 00:01:56]} Rf4+ {[%clk 00:33:48]} {[%emt 00:02:17]} 28. Kg2 {[%clk
00:45:16]} {[%emt 00:00:25]} Bxa1 {[%clk 00:33:34]} {[%emt 00:00:19]} 29. Bh6
{[%clk 00:44:34]} {[%emt 00:00:47]} Rh4 {[%clk 00:33:10]} {[%emt 00:00:26]} 30.
Bg5 {[%clk 00:44:22]} {[%emt 00:00:19]} Rh5 {[%clk 00:32:58]} {[%emt 00:00:18]}
31. Bf4 {[%clk 00:44:05]} {[%emt 00:00:22]} Bg7 {[%clk 00:32:36]} {[%emt
00:00:26]} 32. Bxc7 {[%clk 00:43:50]} {[%emt 00:00:21]} b5 {[%clk 00:32:15]}
{[%emt 00:00:26]} 33. Rb1 {[%clk 00:43:42]} {[%emt 00:00:13]} Rg5+ {[%clk
00:32:13]} {[%emt 00:00:07]} 34. Kh2 {[%clk 00:43:22]} {[%emt 00:00:24]} f4
{[%clk 00:31:31]} {[%emt 00:00:47]} 35. Bxf4 {[%clk 00:43:19]} {[%emt
00:00:09]} Be5 {[%clk 00:31:21]} {[%emt 00:00:15]} 36. Bg3 {[%clk 00:42:16]}
{[%emt 00:01:08]} Rf5 {[%clk 00:30:32]} {[%emt 00:00:53]} 37. Kg2 {[%clk
00:41:36]} {[%emt 00:00:46]} Bxg3 {[%clk 00:30:04]} {[%emt 00:00:33]} 38. fxg3
{[%clk 00:41:28]} {[%emt 00:00:12]} Rd5 {[%clk 00:29:48]} {[%emt 00:00:20]} 39.
Rb2 {[%clk 00:39:48]} {[%emt 00:01:46]} Kf8 {[%clk 00:28:24]} {[%emt 00:01:29]}
40. Kf3 {[%clk 00:39:41]} {[%emt 00:00:13]} Ke7 {[%emt 00:00:08]} 41. Ke4
{[%clk 00:39:41]} {[%emt 00:00:03]} Ke6 {[%clk 00:28:00]} {[%emt 00:00:26]} 42.
a4 {[%clk 00:39:07]} {[%emt 00:00:42]} bxa4 {[%clk 00:27:16]} {[%emt 00:00:48]}
43. Rb6+ {[%clk 00:37:34]} {[%emt 00:01:37]} Rd6 {[%clk 00:27:11]} {[%emt
00:00:11]} 1/2-1/2

[Event "DVM U10 2023"]
[Site "Magdeburg GER"]
[Date "2023.12.28"]
[Round "5"]
[White "Stösel, Roman"]
[Black "Steffen, Leon"]
[Result "1-0"]
[Termination "normal"]
[Board "12.3"]
[WhiteElo "787"]
[BlackElo "927"]
[WhiteClock "00:25:32"]
[BlackClock "00:37:33"]
[WhiteTeam "SC Ramstein-Miesenbach"]
[BlackTeam "Elmshorner SC 1896"]
[PlyCount "97"]
[EventCountry "GER"]
[EventRounds "7"]
[EventType "team-swiss"]
[EventDate "2023.12.27"]

1. e4 {[%clk 00:55:06]} {[%emt 00:00:04]} d5 {[%clk 00:55:09]} {[%emt
00:00:02]} 2. exd5 {[%clk 00:54:13]} {[%emt 00:00:54]} Qxd5 {[%clk 00:55:09]}
{[%emt 00:00:09]} 3. Nc3 {[%clk 00:54:04]} {[%emt 00:00:15]} Qa5 {[%clk
00:55:06]} {[%emt 00:00:07]} 4. Nf3 {[%clk 00:53:41]} {[%emt 00:00:27]} Nf6
{[%clk 00:54:58]} {[%emt 00:00:13]} 5. Bc4 {[%clk 00:52:34]} {[%emt 00:01:13]}
e6 {[%clk 00:54:44]} {[%emt 00:00:18]} 6. d3 {[%clk 00:51:56]} {[%emt
00:00:43]} Bc5 {[%clk 00:54:22]} {[%emt 00:00:27]} 7. O-O {[%clk 00:51:37]}
{[%emt 00:00:25]} O-O {[%clk 00:54:13]} {[%emt 00:00:14]} 8. a3 {[%clk
00:51:03]} {[%emt 00:00:39]} Bd6 {[%clk 00:53:45]} {[%emt 00:00:32]} 9. Ne4
{[%clk 00:50:24]} {[%emt 00:00:43]} Nxe4 {[%clk 00:53:30]} {[%emt 00:00:21]}
10. dxe4 {[%clk 00:49:57]} {[%emt 00:00:32]} e5 {[%clk 00:52:51]} {[%emt
00:00:43]} 11. Bd2 {[%clk 00:49:42]} {[%emt 00:00:21]} Qb6 {[%clk 00:52:44]}
{[%emt 00:00:12]} 12. Bb3 {[%clk 00:48:33]} {[%emt 00:01:15]} c6 {[%clk
00:52:09]} {[%emt 00:00:40]} 13. Nh4 {[%clk 00:47:55]} {[%emt 00:00:42]} Qd8
{[%clk 00:51:26]} {[%emt 00:00:47]} 14. Nf3 {[%clk 00:47:25]} {[%emt 00:00:37]}
Bc5 {[%clk 00:51:08]} {[%emt 00:00:22]} 15. Nxe5 {[%emt 00:02:58]} Qe8 {[%clk
00:50:02]} 16. Bc3 {[%clk 00:44:52]} {[%emt 00:00:56]} Nd7 {[%clk 00:49:33]}
{[%emt 00:00:33]} 17. Nxd7 {[%clk 00:44:18]} {[%emt 00:00:40]} Bxd7 {[%clk
00:49:26]} {[%emt 00:00:12]} 18. Re1 {[%clk 00:43:38]} {[%emt 00:00:46]} Be6
{[%clk 00:48:23]} {[%emt 00:01:06]} 19. Bxe6 {[%clk 00:42:16]} {[%emt
00:01:28]} Qxe6 {[%clk 00:48:11]} {[%emt 00:00:22]} 20. b4 {[%clk 00:41:45]}
{[%emt 00:00:40]} Rad8 {[%clk 00:47:33]} {[%emt 00:00:44]} 21. Qf3 {[%clk
00:40:49]} {[%emt 00:01:00]} Be7 {[%clk 00:46:20]} {[%emt 00:01:14]} 22. Qg3
{[%clk 00:40:33]} {[%emt 00:00:26]} Bf6 {[%clk 00:45:47]} {[%emt 00:00:38]} 23.
Bxf6 {[%emt 00:02:08]} Qxf6 {[%emt 00:00:09]} 24. e5 {[%clk 00:38:01]} {[%emt
00:00:21]} Qe6 {[%clk 00:45:19]} {[%emt 00:00:30]} 25. Rad1 {[%clk 00:37:32]}
{[%emt 00:00:36]} Rxd1 {[%emt 00:00:30]} 26. Rxd1 {[%clk 00:37:27]} Qe7 {[%clk
00:44:45]} {[%emt 00:00:24]} 27. Rd6 {[%clk 00:36:03]} {[%emt 00:01:30]} Rd8
{[%clk 00:44:05]} {[%emt 00:00:44]} 28. Rxd8+ {[%emt 00:00:52]} Qxd8 {[%emt
00:00:16]} 29. h3 {[%clk 00:34:43]} {[%emt 00:00:17]} h6 {[%clk 00:43:52]}
{[%emt 00:00:18]} 30. Qb3 {[%clk 00:34:09]} {[%emt 00:00:39]} Qe8 {[%clk
00:43:08]} {[%emt 00:00:49]} 31. Qe3 {[%clk 00:33:44]} {[%emt 00:00:31]} b5
{[%clk 00:42:22]} {[%emt 00:00:50]} 32. Qxa7 {[%clk 00:33:09]} {[%emt
00:00:40]} Qxe5 {[%clk 00:42:02]} {[%emt 00:00:24]} 33. Qa8+ {[%clk 00:33:06]}
{[%emt 00:00:09]} Kh7 {[%clk 00:41:55]} {[%emt 00:00:12]} 34. Qxc6 {[%clk
00:33:04]} {[%emt 00:00:08]} Qe1+ {[%clk 00:41:41]} {[%emt 00:00:19]} 35. Kh2
{[%clk 00:32:57]} {[%emt 00:00:11]} Qxf2 {[%clk 00:41:33]} {[%emt 00:00:13]}
36. Qxb5 {[%clk 00:32:20]} {[%emt 00:00:43]} Qf4+ {[%clk 00:40:50]} {[%emt
00:00:46]} 37. Kh1 {[%clk 00:31:50]} {[%emt 00:00:34]} Qc1+ {[%clk 00:40:38]}
{[%emt 00:00:20]} 38. Kh2 {[%clk 00:31:33]} {[%emt 00:00:21]} Qf4+ {[%clk
00:40:28]} {[%emt 00:00:14]} 39. Kg1 {[%clk 00:31:08]} {[%emt 00:00:24]} Qc1+
{[%emt 00:00:57]} 40. Qf1 {[%emt 00:00:01]} Qxc2 {[%emt 00:00:19]} 41. Qxf7
{[%clk 00:30:14]} {[%emt 00:00:24]} Qc1+ {[%clk 00:39:29]} {[%emt 00:00:35]}
42. Qf1 {[%emt 00:00:21]} Qxa3 {[%emt 00:00:13]} 43. Qb1+ {[%clk 00:27:59]}
{[%emt 00:03:28]} Qd3 {[%clk 00:38:47]} {[%emt 00:00:30]} 44. Qxd3+ {[%clk
00:27:44]} {[%emt 00:00:20]} g6 {[%clk 00:38:43]} {[%emt 00:00:09]} 45. Qd7+
{[%clk 00:27:35]} {[%emt 00:00:14]} Kh8 {[%clk 00:38:28]} {[%emt 00:00:21]} 46.
b5 {[%clk 00:27:08]} {[%emt 00:00:32]} g5 {[%clk 00:37:50]} {[%emt 00:00:42]}
47. b6 {[%clk 00:26:59]} {[%emt 00:00:14]} h5 {[%clk 00:37:40]} {[%emt
00:00:16]} 48. b7 {[%clk 00:26:45]} {[%emt 00:00:19]} g4 {[%clk 00:37:33]}
{[%emt 00:00:11]} 49. b8=R# {[%clk 00:25:32]} {[%emt 00:00:22]} 1-0

[Event "DVM U10 2023"]
[Site "Magdeburg GER"]
[Date "2023.12.28"]
[Round "5"]
[White "Tatar, Anna"]
[Black "Pascual, Noah"]
[Result "0-1"]
[Termination "normal"]
[Board "12.4"]
[WhiteElo "901"]
[BlackElo "778"]
[WhiteClock "00:45:20"]
[BlackClock "00:43:51"]
[WhiteTeam "Elmshorner SC 1896"]
[BlackTeam "SC Ramstein-Miesenbach"]
[PlyCount "46"]
[EventCountry "GER"]
[EventRounds "7"]
[EventType "team-swiss"]
[EventDate "2023.12.27"]

1. d4 {[%clk 00:55:08]} {[%emt 00:00:02]} e5 {[%clk 00:55:09]} {[%emt
00:00:01]} 2. Nf3 {[%clk 00:54:54]} {[%emt 00:00:18]} Nc6 {[%clk 00:53:01]}
{[%emt 00:02:14]} 3. dxe5 {[%clk 00:52:49]} {[%emt 00:02:09]} Qe7 {[%clk
00:53:04]} {[%emt 00:00:03]} 4. Qd5 {[%clk 00:52:22]} {[%emt 00:00:31]} Nb4
{[%clk 00:52:44]} {[%emt 00:00:24]} 5. Qe4 {[%clk 00:51:55]} {[%emt 00:00:33]}
d5 {[%clk 00:52:32]} {[%emt 00:00:18]} 6. Qe3 {[%clk 00:50:10]} {[%emt
00:01:49]} Nxc2+ {[%clk 00:52:20]} {[%emt 00:00:18]} 7. Kd1 {[%clk 00:50:02]}
{[%emt 00:00:11]} Nxe3+ {[%clk 00:52:15]} {[%emt 00:00:11]} 8. fxe3 {[%clk
00:49:55]} {[%emt 00:00:12]} Bf5 {[%clk 00:51:35]} {[%emt 00:00:45]} 9. Nc3
{[%clk 00:49:36]} {[%emt 00:00:25]} O-O-O {[%clk 00:51:22]} {[%emt 00:00:18]}
10. Bd2 {[%clk 00:49:28]} {[%emt 00:00:11]} Be4 {[%clk 00:50:47]} {[%emt
00:00:42]} 11. Nd4 {[%emt 00:01:25]} Qb4 {[%clk 00:49:54]} 12. b3 {[%clk
00:48:33]} {[%emt 00:00:37]} f6 {[%clk 00:49:22]} {[%emt 00:00:38]} 13. Nxe4
{[%clk 00:48:20]} {[%emt 00:00:16]} Qb6 {[%clk 00:46:54]} {[%emt 00:02:34]} 14.
exf6 {[%clk 00:47:50]} {[%emt 00:00:35]} Nxf6 {[%clk 00:46:54]} {[%emt
00:00:05]} 15. Ng5 {[%clk 00:47:34]} {[%emt 00:00:21]} Ne4 {[%clk 00:46:37]}
{[%emt 00:00:22]} 16. Nf7 {[%clk 00:46:54]} {[%emt 00:00:45]} Nf2+ {[%clk
00:46:39]} {[%emt 00:00:04]} 17. Ke1 {[%clk 00:46:45]} {[%emt 00:00:13]} Nxh1
{[%clk 00:46:11]} {[%emt 00:00:34]} 18. Nxh8 {[%clk 00:46:41]} {[%emt
00:00:08]} Bb4 {[%clk 00:45:40]} {[%emt 00:00:36]} 19. Nf7 {[%clk 00:46:32]}
{[%emt 00:00:13]} Bxd2+ {[%clk 00:45:42]} {[%emt 00:00:04]} 20. Kxd2 {[%clk
00:46:23]} {[%emt 00:00:14]} Qb4+ {[%clk 00:45:00]} {[%emt 00:00:47]} 21. Kc1
{[%clk 00:46:08]} {[%emt 00:00:19]} Qc3+ {[%clk 00:44:22]} {[%emt 00:00:45]}
22. Kb1 {[%clk 00:45:44]} {[%emt 00:00:29]} Rf8 {[%clk 00:43:51]} {[%emt
00:00:36]} 23. Ne5 {[%clk 00:45:20]} {[%emt 00:00:27]} Rxf1# {[%clk 00:43:51]}
{[%emt 00:00:06]} 0-1

[Event "DVM U10 2023"]
[Site "Magdeburg GER"]
[Date "2023.12.28"]
[Round "5"]
[White "Mattar, Lukas"]
[Black "Ivashchenko, Yurii"]
[Result "0-1"]
[Termination "normal"]
[Board "13.1"]
[WhiteElo "1395"]
[BlackElo "1394"]
[WhiteClock "00:42:43"]
[BlackClock "00:21:49"]
[WhiteTeam "SK 1926 Ettlingen"]
[BlackTeam "SG Leipzig"]
[PlyCount "80"]
[WhiteFideId "34685898"]
[BlackFideId "34163735"]
[EventCountry "GER"]
[EventRounds "7"]
[EventType "team-swiss"]
[EventDate "2023.12.27"]

1. d4 {[%clk 00:55:10]} {[%emt 01:53:28]} Nf6 {[%clk 00:55:04]} {[%emt
00:00:06]} 2. c4 {[%clk 00:55:10]} {[%emt 00:00:05]} g6 {[%clk 00:55:02]}
{[%emt 00:00:06]} 3. Nc3 {[%clk 00:55:09]} {[%emt 00:00:06]} Bg7 {[%clk
00:54:53]} {[%emt 00:00:14]} 4. e4 {[%clk 00:55:08]} {[%emt 00:00:06]} d6
{[%clk 00:54:55]} {[%emt 00:00:03]} 5. f3 {[%clk 00:55:05]} {[%emt 00:00:08]}
O-O {[%clk 00:54:50]} {[%emt 00:00:10]} 6. Be3 {[%emt 00:00:08]} e5 {[%clk
00:54:37]} {[%emt 00:00:13]} 7. d5 {[%clk 00:55:06]} {[%emt 00:00:06]} Nbd7
{[%clk 00:50:31]} {[%emt 00:04:11]} 8. Qd2 {[%clk 00:54:45]} {[%emt 00:00:27]}
Re8 {[%emt 00:06:28]} 9. Bh6 {[%clk 00:54:22]} {[%emt 00:00:20]} Nxe4 {[%clk
00:41:26]} {[%emt 00:02:54]} 10. Nxe4 {[%clk 00:51:55]} {[%emt 00:02:32]} Qh4+
{[%clk 00:41:08]} {[%emt 00:00:24]} 11. Qf2 {[%clk 00:50:15]} {[%emt 00:01:45]}
Qxf2+ {[%clk 00:40:37]} {[%emt 00:00:36]} 12. Nxf2 {[%clk 00:49:47]} {[%emt
00:00:32]} Bxh6 {[%clk 00:40:34]} {[%emt 00:00:08]} 13. Ng4 {[%clk 00:49:40]}
{[%emt 00:00:12]} Bg7 {[%clk 00:39:48]} {[%emt 00:00:51]} 14. h4 {[%clk
00:49:21]} {[%emt 00:00:25]} e4 {[%clk 00:38:09]} {[%emt 00:01:44]} 15. Rb1
{[%clk 00:48:48]} {[%emt 00:00:38]} exf3+ {[%clk 00:37:03]} {[%emt 00:01:11]}
16. Kf2 {[%clk 00:48:47]} {[%emt 00:00:06]} h5 {[%clk 00:36:11]} {[%emt
00:00:56]} 17. Ne3 {[%clk 00:47:25]} {[%emt 00:01:27]} Bd4 {[%clk 00:35:30]}
{[%emt 00:00:46]} 18. Re1 {[%clk 00:47:26]} {[%emt 00:00:05]} fxg2 {[%clk
00:34:52]} {[%emt 00:00:43]} 19. Bxg2 {[%clk 00:47:11]} {[%emt 00:00:19]} Bxb2
{[%clk 00:32:47]} {[%emt 00:02:10]} 20. Nd1 {[%clk 00:46:58]} {[%emt 00:00:19]}
Bd4+ {[%clk 00:31:42]} {[%emt 00:01:10]} 21. Ne3 {[%clk 00:46:33]} {[%emt
00:00:30]} Rxe3 {[%clk 00:31:29]} {[%emt 00:00:17]} 22. Rxe3 {[%clk 00:46:32]}
{[%emt 00:00:07]} Bxe3+ {[%clk 00:31:26]} {[%emt 00:00:07]} 23. Kxe3 {[%clk
00:46:33]} {[%emt 00:00:04]} Ne5 {[%clk 00:31:25]} {[%emt 00:00:06]} 24. Kd4
{[%clk 00:46:10]} {[%emt 00:00:29]} Bf5 {[%clk 00:30:53]} {[%emt 00:00:36]} 25.
Nf3 {[%clk 00:46:08]} {[%emt 00:00:08]} Nxf3+ {[%clk 00:30:55]} {[%emt
00:00:03]} 26. Bxf3 {[%clk 00:46:07]} {[%emt 00:00:06]} Re8 {[%clk 00:30:42]}
{[%emt 00:00:18]} 27. Rf1 {[%clk 00:45:46]} {[%emt 00:00:19]} Kg7 {[%clk
00:29:28]} {[%emt 00:01:26]} 28. Rf2 {[%clk 00:45:34]} {[%emt 00:00:16]} Kh6
{[%clk 00:28:25]} {[%emt 00:01:08]} 29. Rb2 {[%clk 00:45:15]} {[%emt 00:00:24]}
b6 {[%clk 00:27:44]} {[%emt 00:00:47]} 30. Rg2 {[%clk 00:45:10]} {[%emt
00:00:10]} Bg4 {[%clk 00:24:17]} {[%emt 00:03:32]} 31. Bxg4 {[%clk 00:44:32]}
{[%emt 00:00:41]} hxg4 {[%clk 00:24:15]} {[%emt 00:00:07]} 32. Rxg4 {[%clk
00:44:31]} {[%emt 00:00:07]} Kh5 {[%clk 00:23:54]} {[%emt 00:00:27]} 33. Rf4
{[%clk 00:44:10]} {[%emt 00:00:25]} f5 {[%clk 00:23:50]} {[%emt 00:00:09]} 34.
Rf1 {[%clk 00:43:50]} {[%emt 00:00:25]} Re4+ {[%clk 00:23:42]} {[%emt
00:00:13]} 35. Kd3 {[%clk 00:43:48]} {[%emt 00:00:07]} Rxh4 {[%clk 00:23:30]}
{[%emt 00:00:17]} 36. Rg1 {[%clk 00:43:04]} {[%emt 00:00:49]} g5 {[%clk
00:22:55]} {[%emt 00:00:40]} 37. Ke3 {[%clk 00:42:51]} {[%emt 00:00:19]} Rxc4
{[%clk 00:22:20]} {[%emt 00:00:39]} 38. Rh1+ {[%clk 00:42:44]} {[%emt
00:00:12]} Rh4 {[%clk 00:22:18]} {[%emt 00:00:07]} 39. Rg1 {[%emt 00:00:15]}
Re4+ {[%clk 00:21:57]} {[%emt 00:00:15]} 40. Kf3 {[%clk 00:42:43]} {[%emt
00:00:07]} Kg6 {[%clk 00:21:49]} {[%emt 00:00:13]} 0-1

[Event "DVM U10 2023"]
[Site "Magdeburg GER"]
[Date "2023.12.28"]
[Round "5"]
[White "Bacakova, Klara"]
[Black "Zhang, Jiahao"]
[Result "1-0"]
[Termination "normal"]
[Board "13.2"]
[WhiteElo "1344"]
[BlackElo "1156"]
[WhiteClock "00:12:26"]
[BlackClock "00:32:27"]
[WhiteTeam "SG Leipzig"]
[BlackTeam "SK 1926 Ettlingen"]
[PlyCount "111"]
[WhiteFideId "34605762"]
[BlackFideId "34686550"]
[EventCountry "GER"]
[EventRounds "7"]
[EventType "team-swiss"]
[EventDate "2023.12.27"]

1. e4 {[%clk 00:55:09]} e5 {[%clk 00:54:58]} {[%emt 00:00:13]} 2. Nf3 {[%clk
00:55:05]} {[%emt 00:00:08]} Nc6 {[%clk 00:54:58]} {[%emt 00:00:05]} 3. Bc4
{[%clk 00:55:04]} {[%emt 00:00:06]} Nf6 {[%clk 00:54:55]} {[%emt 00:00:08]} 4.
d3 {[%clk 00:55:05]} {[%emt 00:00:05]} h6 {[%clk 00:54:55]} {[%emt 00:00:05]}
5. O-O {[%clk 00:54:44]} {[%emt 00:00:26]} Bc5 {[%clk 00:54:51]} {[%emt
00:00:09]} 6. c3 {[%clk 00:54:24]} {[%emt 00:00:25]} d6 {[%clk 00:54:45]}
{[%emt 00:00:11]} 7. h3 {[%clk 00:54:09]} {[%emt 00:00:19]} O-O {[%clk
00:54:43]} {[%emt 00:00:06]} 8. Nbd2 {[%clk 00:53:37]} {[%emt 00:00:38]} a6
{[%clk 00:54:25]} {[%emt 00:00:24]} 9. Bb3 {[%clk 00:53:25]} {[%emt 00:00:17]}
Qe7 {[%clk 00:54:16]} {[%emt 00:00:13]} 10. Re1 {[%clk 00:50:25]} {[%emt
00:03:05]} Be6 {[%clk 00:54:00]} {[%emt 00:00:21]} 11. Nf1 {[%clk 00:46:34]}
{[%emt 00:03:57]} a5 {[%clk 00:53:29]} {[%emt 00:00:36]} 12. Ng3 {[%clk
00:43:45]} {[%emt 00:02:54]} a4 {[%clk 00:53:05]} {[%emt 00:00:29]} 13. Bxa4
{[%clk 00:43:16]} {[%emt 00:00:33]} Rab8 {[%clk 00:50:53]} {[%emt 00:02:17]}
14. Bc2 {[%clk 00:42:15]} {[%emt 00:01:07]} Ra8 {[%clk 00:50:19]} {[%emt
00:00:39]} 15. a3 {[%clk 00:40:21]} {[%emt 00:01:59]} Qd7 {[%clk 00:48:27]}
{[%emt 00:01:56]} 16. d4 {[%clk 00:39:48]} {[%emt 00:00:39]} Bb6 {[%clk
00:48:03]} {[%emt 00:00:29]} 17. d5 {[%clk 00:39:13]} {[%emt 00:00:40]} Ne7
{[%clk 00:47:54]} {[%emt 00:00:14]} 18. dxe6 {[%clk 00:39:11]} {[%emt
00:00:07]} Qxe6 {[%clk 00:47:47]} {[%emt 00:00:12]} 19. Bb3 {[%clk 00:38:41]}
{[%emt 00:00:35]} Qd7 {[%clk 00:47:35]} {[%emt 00:00:16]} 20. Be3 {[%clk
00:37:12]} {[%emt 00:01:34]} Bxe3 {[%clk 00:47:07]} {[%emt 00:00:32]} 21. Rxe3
{[%clk 00:35:05]} {[%emt 00:02:14]} Rfe8 {[%clk 00:46:10]} {[%emt 00:01:01]}
22. Qd2 {[%clk 00:33:35]} {[%emt 00:01:36]} d5 {[%clk 00:45:47]} {[%emt
00:00:27]} 23. Nxe5 {[%clk 00:31:29]} {[%emt 00:02:11]} Qd6 {[%clk 00:45:20]}
{[%emt 00:00:32]} 24. exd5 {[%clk 00:30:46]} {[%emt 00:00:48]} Nfxd5 {[%clk
00:44:34]} {[%emt 00:00:50]} 25. Ree1 {[%clk 00:29:33]} {[%emt 00:01:20]} c6
{[%clk 00:43:41]} {[%emt 00:00:57]} 26. c4 {[%clk 00:28:59]} {[%emt 00:00:40]}
Rad8 {[%clk 00:43:21]} {[%emt 00:00:25]} 27. cxd5 {[%clk 00:28:52]} {[%emt
00:00:12]} Nxd5 {[%clk 00:43:10]} {[%emt 00:00:14]} 28. Nc4 {[%clk 00:26:45]}
{[%emt 00:02:13]} Qd7 {[%clk 00:42:51]} {[%emt 00:00:21]} 29. Rad1 {[%clk
00:25:18]} {[%emt 00:01:35]} b5 {[%clk 00:42:17]} {[%emt 00:00:39]} 30. Ne5
{[%clk 00:22:51]} {[%emt 00:02:32]} Qd6 {[%clk 00:41:57]} {[%emt 00:00:25]} 31.
Nf3 {[%clk 00:21:44]} {[%emt 00:01:12]} Re7 {[%clk 00:41:21]} {[%emt 00:00:40]}
32. Rxe7 {[%clk 00:21:14]} {[%emt 00:00:36]} Qxe7 {[%clk 00:41:14]} {[%emt
00:00:12]} 33. Re1 {[%clk 00:20:27]} {[%emt 00:00:53]} Qc7 {[%clk 00:40:58]}
{[%emt 00:00:19]} 34. Qc2 {[%clk 00:19:45]} {[%emt 00:00:49]} Qd7 {[%clk
00:39:58]} {[%emt 00:01:03]} 35. Rd1 {[%clk 00:17:56]} {[%emt 00:01:55]} Qd6
{[%clk 00:39:05]} {[%emt 00:00:56]} 36. Bxd5 {[%clk 00:17:16]} {[%emt
00:00:47]} cxd5 {[%clk 00:38:53]} {[%emt 00:00:17]} 37. Qc3 {[%clk 00:17:04]}
{[%emt 00:00:18]} Qd7 {[%clk 00:38:12]} {[%emt 00:00:42]} 38. Nh5 {[%clk
00:16:25]} {[%emt 00:00:48]} f6 {[%clk 00:37:39]} {[%emt 00:00:38]} 39. Nf4
{[%clk 00:15:57]} {[%emt 00:00:32]} Qd6 {[%clk 00:37:07]} {[%emt 00:00:36]} 40.
Nxd5 {[%clk 00:15:26]} {[%emt 00:00:37]} Qf8 {[%clk 00:36:37]} {[%emt
00:00:32]} 41. Qb3 {[%clk 00:14:53]} {[%emt 00:00:41]} b4 {[%clk 00:35:56]}
{[%emt 00:00:46]} 42. Nxf6+ {[%clk 00:13:59]} {[%emt 00:00:59]} Kh8 {[%clk
00:35:42]} {[%emt 00:00:18]} 43. Rxd8 {[%clk 00:13:38]} {[%emt 00:00:27]} Qxd8
{[%emt 00:00:22]} 44. Qg8+ {[%emt 00:00:15]} Qxg8 {[%clk 00:35:01]} {[%emt
00:00:09]} 45. Nxg8 {[%clk 00:13:38]} {[%emt 00:00:05]} Kxg8 {[%clk 00:34:59]}
{[%emt 00:00:08]} 46. a4 {[%clk 00:13:37]} {[%emt 00:00:06]} Kf8 {[%clk
00:34:47]} {[%emt 00:00:17]} 47. a5 {[%clk 00:13:37]} {[%emt 00:00:05]} Ke7
{[%clk 00:34:14]} {[%emt 00:00:38]} 48. a6 {[%clk 00:13:37]} {[%emt 00:00:05]}
Kd6 {[%clk 00:34:07]} {[%emt 00:00:11]} 49. a7 {[%clk 00:13:35]} {[%emt
00:00:08]} b3 {[%clk 00:33:51]} {[%emt 00:00:20]} 50. a8=Q {[%clk 00:13:33]}
{[%emt 00:00:06]} Ke6 {[%clk 00:33:43]} {[%emt 00:00:12]} 51. Qc6+ {[%clk
00:13:29]} {[%emt 00:00:11]} Kf7 {[%clk 00:33:22]} {[%emt 00:00:26]} 52. Ne5+
{[%clk 00:13:25]} {[%emt 00:00:09]} Kf8 {[%clk 00:33:02]} {[%emt 00:00:24]} 53.
Qd7 {[%clk 00:13:05]} {[%emt 00:00:26]} Kg8 {[%clk 00:32:49]} {[%emt 00:00:18]}
54. Kh2 {[%clk 00:12:29]} {[%emt 00:00:42]} g5 {[%clk 00:32:35]} {[%emt
00:00:19]} 55. Qf7+ {[%clk 00:12:25]} {[%emt 00:00:09]} Kh8 {[%clk 00:32:27]}
{[%emt 00:00:12]} 56. Ng6# {[%clk 00:12:26]} {[%emt 00:00:04]} 1-0